Эргономика горнорудного оборудования

Bibliografiske detaljer
Hovedforfatter: Головин В. С. Валерий Степанович
Sprog:russisk
Udgivet: Москва, Недра, 1990
Fag:
Format: MixedMaterials Bog
KOHA link:https://koha.lib.tpu.ru/cgi-bin/koha/opac-detail.pl?biblionumber=125133

MARC

LEADER 00000nam0a2200000 4500
001 125133
005 20231031131235.0
010 |a 5247012984 
020 |a RU  |b 90-19876 
035 |a (RuTPU)RU\TPU\book\135408 
090 |a 125133 
100 |a 20071110d1990 m a0rusy5003 ca 
101 0 |a rus 
102 |a RU 
105 |a a z 001zy 
200 1 |a Эргономика горнорудного оборудования  |f В. С. Головин 
210 |a Москва  |c Недра  |d 1990 
215 |a 182 с.  |c ил. 
320 |a Список литературы: с. 179-180. 
610 1 |a эргономика 
610 1 |a горнорудное оборудование 
675 |a 622.002.5  |v 3 
700 1 |a Головин  |b В. С.  |g Валерий Степанович 
801 0 |a RU  |b RuMRKP  |c 19950417  |g psbo 
801 1 |a RU  |b 63413507  |c 20071110  |g PSBO 
801 2 |a RU  |b 63413507  |c 20080130  |g PSBO 
942 |c BK